00580nam a2200169 a 450000100100000000500170001000800410002702000180006808200170008610000290010324501060013226000550023830000150029350000190030850000680032765000150039500001967220200120222030.0011022s1999 esp0 gr0 000 d a84-239-9250-004a461.152bR210 aReal Academia Española10aOrtografía de la Lengua Española /cEdición revisada por las Academias de la Lengua Española. aMadrid :bReal Academia EspañolabEspasa,c1999. aXIX, 162p. aIncluye indice aEj.1 de Mosquera donado por la Biblioteca Nacional - PNLB 2012.14aORTOGRAFIA